| 000 | 00582nam a2200229Ia 4500 | ||
|---|---|---|---|
| 003 | OSt | ||
| 005 | 20221005125505.0 | ||
| 006 | a|||||r|||| 00| 0 | ||
| 007 | ta | ||
| 008 | 221004b |||||||| |||| 00| 0 tam d | ||
| 024 | _a48265 | ||
| 037 | _cTextual | ||
| 040 |
_aCRL _cCRL _btam |
||
| 041 |
_2tam _atam |
||
| 082 | _aO31,1B922:g, H9 | ||
| 100 |
_aRaghavaiyengar Au. _9636757 |
||
| 245 | 0 | _aPerum pannarru paddat | |
| 260 | _c1949 | ||
| 650 | _aTAMIL POETRY | ||
| 942 |
_hO31,1B922:g, H9 _cTEXL _2cc |
||
| 999 |
_c1054177 _d1054177 |
||